000 00854nam a2200241 a 4500
005 20090912112145.0
008 080424s2008 nyua j 000 1 eng
010 _aB-358102
020 _a9788126416790
_c60.00
035 _aB-358102
037 _bDBAD / PUB
040 _adpl
_bEnglish
082 _aS
100 _aChandy, Luiza
245 _aGrimm's snow white /
_cretold by Luiza Chandy; illustrated by K.R. Raji
260 _aKerala
_bDC Books
_c2007
270 _aDC Kizhakemuri Edam, Good Shepherd Street, Kottayam
_b686001
300 _a29p.:
_bcol. ill. ;
_c22cm(pbk)
650 _aChildren's stories, English
700 _aRaji, K.R.
942 _2ddc
_cCH
_hS
_mCHA
999 _c30305
_d30305